A német bankárnap ...
Elmentve itt :
| Dokumentumtípus: | Cikk |
|---|---|
| Megjelent: |
1928
|
| Sorozat: | Polgári jog : a hazai és külföldi magánjog és hiteljog szemléje
4 No. 8 |
| Kulcsszavak: | Bankügy Németország konferencia, Hitelezés Németország mezőgazdaság |
| Online Access: | http://misc.bibl.u-szeged.hu/4968 |
| LEADER | 00606nab a2200157 i 4500 | ||
|---|---|---|---|
| 001 | misc4968 | ||
| 005 | 20191106142848.0 | ||
| 008 | 170607s1928 hu o 0|| hun d | ||
| 040 | |a SZTE Miscellanea Repozitórium |b hun | ||
| 041 | |a hun | ||
| 245 | 0 | 2 | |a A német bankárnap ... |h [elektronikus dokumentum] |
| 260 | |c 1928 | ||
| 300 | |a 111-112b | ||
| 490 | 0 | |a Polgári jog : a hazai és külföldi magánjog és hiteljog szemléje |v 4 No. 8 | |
| 695 | |a Bankügy Németország konferencia, Hitelezés Németország mezőgazdaság | ||
| 856 | 4 | 0 | |u http://misc.bibl.u-szeged.hu/4968/1/polgari_jog_1928_111-112b.pdf |z Dokumentum-elérés |